[Event "Baden-chT U16"]
[Site "Karlsruhe/Schoeneck"]
[Date "2001.06.15"]
[Round "3.2"]
[White "Hettler, Marc"]
[Black "Heinz, Timothee"]
[Result "0-1"]
[WhiteElo "1240"]
[BlackElo "1736"]
[PlyCount "72"]
[EventDate "2001.06.??"]
[EventType "team"]
[EventRounds "3"]
[EventCountry "GER"]
[SourceTitle "EXT 2003"]
[Source "ChessBase"]
[SourceDate "2002.11.25"]
[SourceVersion "1"]
[SourceVersionDate "2002.11.25"]
[SourceQuality "1"]

1. e4 c5 2. Nf3 e6 3. d4 cxd4 4. Nxd4 a6 5. Nc3 Qc7 6. a3 Nc6 7. Nf3 Bc5 8. Bc4 b5 9. Bd3 b4 10. axb4 Bxb4 11. Bd2 Ne5 12. Qe2 Ne7 13. Nxe5 Qxe5 14. 0-0 0-0 15. f4 Bc5+ 16. Kh1 Qb8 17. Rab1 Bb7 18. Rf3 Ng6 19. f5 exf5 20. Rxf5 Bd6 21. Qh5 Bf4 22. Bxf4 Nxf4 23. Qg4 Nxd3 24. cxd3 Qd6 25. Nd5 Bxd5 26. Rxd5 Qe6 27. Qg3 Rac8 28. Rg5 g6 29. Rh5 Qa2 30. Re1 Qxb2 31. Rh6 Rc1 32. h3 Qa1 33. Qh4 Rxe1+ 34. Kh2 Rh1+ 35. Kg3 Qe5+ 36. Kf2 Qg7 0-1

[Event "Baden-chT U16"]
[Site "Karlsruhe/Schoeneck"]
[Date "2001.06.14"]
[Round "1.2"]
[White "Becker, Erik"]
[Black "Hettler, Marc"]
[Result "1-0"]
[WhiteElo "1392"]
[BlackElo "1240"]
[PlyCount "87"]
[EventDate "2001.06.??"]
[EventType "team"]
[EventRounds "3"]
[EventCountry "GER"]
[SourceTitle "EXT 2003"]
[Source "ChessBase"]
[SourceDate "2002.11.25"]
[SourceVersion "1"]
[SourceVersionDate "2002.11.25"]
[SourceQuality "1"]

1. e4 e5 2. f4 d6 3. Nf3 exf4 4. d4 d5 5. exd5 Qxd5 6. Nc3 Qd8 7. Bxf4 Nf6 8. Bc4 Bf5 9. 0-0 Be7 10. Ne5 0-0 11. Nb5 Na6 12. Nxc7 Nxc7 13. Nxf7 Rxf7 14. Bxf7+ Kxf7 15. Bxc7 Qxc7 16. Rxf5 Kg8 17. c3 Bd6 18. h3 Bh2+ 19. Kh1 Rd8 20. Qb3+ Kh8 21. Qe6 Rf8 22. d5 Qd6 23. Re1 Bg3 24. Qxd6 Bxd6 25. Re6 Rd8 26. c4 Kg8 27. a3 b6 28. Rf2 Nh5 29. Rf3 Ng3+ 30. Kg1 Ne2+ 31. Rxe2 Rc8 32. Re6 Rd8 33. b4 Bf8 34. Rfe3 a5 35. Re8 Rxe8 36. Rxe8 Kf7 37. Rxf8+ Kxf8 38. Kf2 Ke7 39. Ke3 Kd6 40. Kd4 axb4 41. axb4 g6 42. c5+ bxc5+ 43. bxc5+ Kd7 44. Ke5 1-0